000 00974nam a2200253Ia 4500
999 _c54270
_d54270
001 21326
003 GE_BSU
005 20210911182717.0
008 181216s2017||||ru |||||||||||||| ||rus||
020 _a9785756708721
040 _cGE_BSU
041 _arus
080 _a327 Д-46
245 _aДипломатическая служба зарубежных стран /
_cПод ред. А.В. Торкунова и А.Н. Панова.
264 _aМосква :
_bАспект-Пресс,
_c2017.
300 _a397 стр. ;
_c 21 см.
500 _aИменой указатель стр. 396-398
541 _h69 Л.
653 _aДипломатическая служба зарубежных стран
653 _aМеждунар. отношения
653 _aსაერთაშორისო ურთიერთობები
710 _aМосковский гос. ин-т междунар. отнош.
_912464
942 _cBK
_2udc